| 000 | 00524nam a2200181 a 4500 | ||
|---|---|---|---|
| 005 | 20210223124728.0 | ||
| 008 | 020924s1984 ea r 000 0 eng d | ||
| 035 | _aUPN01000119572 | ||
| 049 | _aCG | ||
| 050 | 4 |
_aGT4883 _bL3.3 |
|
| 100 | 1 | _aLatsch, Marie-Luise | |
| 245 | 1 | 0 |
_aChinese traditional festivals / _cMarie-Luise Latsch. |
| 260 |
_aBeijing, China : _bNew Wordl, _c1984. |
||
| 300 | _a107 p. | ||
| 651 | 4 |
_aCHINA - _xFESTIVALES, ETC. _915175 |
|
| 651 | 4 |
_aCHINA - _xVIDA SOCIAL Y COSTUMBRES _911878 |
|
| 905 | _aLibro | ||
| 999 |
_c91926 _d91926 |
||